DPH v kontexte rozdielov slovenského a českého zákona v roku 2016
Porovnanie dane z pridanej hodnoty v podmienkach Slovenskej republiky, ktorú upravuje zákon č. 222/2004 Z. z. o dani z pridanej hodnoty a Českej republiky, kde je táto daň upravená zákonom č. 235/2004 Sb. o dani z pridanej hodnoty.
Na minha lista:
| Autor principal: | |
|---|---|
| Formato: | Capítulo de Livro |
| Idioma: | eslovaco |
| Assuntos: | |
| Tags: |
Sem tags, seja o primeiro a adicionar uma tag!
|
MARC
| LEADER | 00000naa a2200000 4500 | ||
|---|---|---|---|
| 001 | 0226085 | ||
| 005 | 20240502073719.2 | ||
| 041 | 0 | |a slo | |
| 044 | |a SK | ||
| 245 | 1 | 0 | |a DPH v kontexte rozdielov slovenského a českého zákona v roku 2016 |c Juraj Válek |
| 520 | |a Porovnanie dane z pridanej hodnoty v podmienkach Slovenskej republiky, ktorú upravuje zákon č. 222/2004 Z. z. o dani z pridanej hodnoty a Českej republiky, kde je táto daň upravená zákonom č. 235/2004 Sb. o dani z pridanej hodnoty. | ||
| 610 | 2 | 0 | |a dane z hodnoty pridanej |
| 610 | 2 | 0 | |a systémy daňové |
| 610 | 2 | 0 | |a sadzby daňové |
| 610 | 2 | 0 | |a politika daňová |
| 610 | 2 | 0 | |a správa finančná |
| 610 | 2 | 0 | |a správa daňová |
| 610 | 2 | 0 | |a zákony |
| 610 | 2 | 0 | |a Slovensko |
| 610 | 2 | 0 | |a Česko |
| 100 | 1 | |a Válek, Juraj, 1981- | |